Concrete form construction
| Main Author: | |
|---|---|
| Format: | Book |
| Published: |
Toronto :
Van Nostrand ,
1977
|
| Subjects: |
MARC
| LEADER | 00000cam a2200000 7i4500 | ||
|---|---|---|---|
| 001 | 0000008937 | ||
| 005 | 20151119.0 | ||
| 020 | |a 0442260016 | ||
| 040 | |a INS | ||
| 090 | 0 | 0 | |a TA682.4 |b M66 1977 |
| 100 | 1 | |a Moore, Cairl E. | |
| 245 | 1 | 0 | |a Concrete form construction |c by Cairl E. Moore |
| 260 | |a Toronto : |b Van Nostrand , |c 1977 | ||
| 300 | |a 218p. ; |c 32cm. | ||
| 500 | |a Includes index | ||
| 650 | 0 | 0 | |a Concrete construction |x Formwork |
| 999 | |a 0000022254 |b BOOK |c Open Shelf |e Default branch | ||
| 999 | |a 0000023129 |b BOOK |c Open Shelf |e Default branch | ||